[Event "Greek Team Championship"]
[Site "chess24.com"]
[Date "2017.07.04"]
[Round "3"]
[White "Giannoulaki, Ermofili"]
[Black "Chatzipanagiotou, Asimenia"]
[Result "1-0"]
[Board "7"]
[WhiteElo "1220"]
[WhiteCountry "GRE"]
[WhiteFideId "25804278"]
[WhiteEloChange "12"]
[BlackElo "1287"]
[BlackCountry "GRE"]
[BlackFideId "25800396"]
[BlackEloChange "-12"]

1. d4 {[%clk 1:30:04]} d5 {[%clk 1:30:46]} 2. c4 {[%clk 1:30:25]} c6 {[%clk
1:31:04]} 3. Nc3 {[%clk 1:30:26]} Nf6 {[%clk 1:31:09]} 4. Nf3 {[%clk 1:30:37]} e6
{[%clk 1:31:02]} 5. Bg5 {[%clk 1:30:51]} h6 {[%clk 1:30:47]} 6. Bh4 {[%clk
1:31:09]} Nbd7 {[%clk 1:30:10]} 7. e3 {[%clk 1:31:08]} Be7 {[%clk 1:29:33]} 8.
Bd3 {[%clk 1:31:17]} dxc4 {[%clk 1:28:49]} 9. Bxc4 {[%clk 1:31:39]} Nd5 {[%clk
1:25:21]} 10. Bxe7 {[%clk 1:30:31]} Qxe7 {[%clk 1:25:33]} 11. O-O {[%clk
1:30:37]} N7b6 {[%clk 1:23:44]} 12. Bb3 {[%clk 1:27:56]} O-O {[%clk 1:21:55]} 13.
e4 {[%clk 1:24:24]} Nf6 {[%clk 1:18:11]} 14. Bc2 {[%clk 1:21:49]} Rd8 {[%clk
1:12:09]} 15. Qd3 {[%clk 1:21:06]} g6 {[%clk 1:08:38]} 16. e5 {[%clk 1:09:25]}
Nfd5 {[%clk 1:06:26]} 17. Rfe1 {[%clk 0:59:19]} Nb4 {[%clk 1:02:43]} 18. Qe4
{[%clk 0:57:56]} Nxc2 {[%clk 1:01:43]} 19. Qxc2 {[%clk 0:58:19]} Nd5 {[%clk
1:01:08]} 20. Ne4 {[%clk 0:52:36]} Nb4 {[%clk 0:51:56]} 21. Qd2 {[%clk 0:50:16]}
Nd5 {[%clk 0:49:04]} 22. Qxh6 {[%clk 0:47:39]} b6 {[%clk 0:36:22]} 23. Nfg5
{[%clk 0:41:54]} f5 {[%clk 0:25:52]} 24. exf6 {[%clk 0:40:43]} Nxf6 {[%clk
0:24:24]} 25. Qxg6+ {[%clk 0:40:45]} Kf8 {[%clk 0:24:28]} 26. Nxf6 {[%clk
0:40:45]} Qc7 {[%clk 0:23:25]} 27. Nfh7+ {[%clk 0:39:40]} Ke7 {[%clk 0:23:31]}
28. Qf7+ {[%clk 0:39:40]} Kd6 {[%clk 0:23:46]} 29. Ne4+ {[%clk 0:39:59]} Kd5
{[%clk 0:24:01]} 30. Qxc7 {[%clk 0:40:11]} 1-0

[Event "Greek Team Championship"]
[Site "chess24.com"]
[Date "2017.07.04"]
[Round "3"]
[White "Kalogeris, Ioannis"]
[Black "Karzias, Christos"]
[Result "1-0"]
[Board "8"]
[WhiteElo "2295"]
[WhiteCountry "GRE"]
[WhiteFideId "4239563"]
[WhiteEloChange "2"]
[BlackElo "1718"]
[BlackCountry "GRE"]
[BlackFideId "4254902"]
[BlackEloChange "-2"]

1. Nf3 {[%clk 1:26:46]} Nf6 {[%clk 1:30:31]} 2. c4 {[%clk 1:27:07]} e6 {[%clk
1:29:55]} 3. d4 {[%clk 1:27:00]} d5 {[%clk 1:30:19]} 4. Nc3 {[%clk 1:27:21]} Be7
{[%clk 1:30:30]} 5. Bg5 {[%clk 1:26:15]} Nbd7 {[%clk 1:26:30]} 6. e3 {[%clk
1:25:38]} b6 {[%clk 1:25:47]} 7. cxd5 {[%clk 1:24:26]} Nxd5 {[%clk 1:24:06]} 8.
Bxe7 {[%clk 1:22:21]} Nxe7 {[%clk 1:21:12]} 9. Rc1 {[%clk 1:12:58]} O-O {[%clk
1:16:08]} 10. Nb5 {[%clk 1:08:39]} c6 {[%clk 1:03:10]} 11. Nd6 {[%clk 1:09:03]}
Qc7 {[%clk 1:02:08]} 12. Nxc8 {[%clk 1:08:06]} Raxc8 {[%clk 1:02:10]} 13. Qa4
{[%clk 1:07:43]} e5 {[%clk 1:00:28]} 14. Ba6 {[%clk 1:05:03]} Rcd8 {[%clk
0:57:46]} 15. O-O {[%clk 1:04:19]} e4 {[%clk 0:53:12]} 16. Ng5 {[%clk 0:57:56]}
Nf6 {[%clk 0:52:02]} 17. Qc2 {[%clk 0:55:30]} Rd5 {[%clk 0:46:51]} 18. Nxe4
{[%clk 0:54:26]} Ng4 {[%clk 0:39:39]} 19. Ng3 {[%clk 0:52:30]} h5 {[%clk
0:39:02]} 20. Be2 {[%clk 0:29:31]} Nxh2 {[%clk 0:39:27]} 21. Kxh2 {[%clk
0:29:52]} h4 {[%clk 0:39:54]} 22. Qe4 {[%clk 0:29:38]} hxg3+ {[%clk 0:39:09]} 23.
fxg3 {[%clk 0:30:03]} g6 {[%clk 0:38:59]} 24. Qf4 {[%clk 0:25:05]} Qd7 {[%clk
0:38:33]} 25. g4 {[%clk 0:24:31]} Rd6 {[%clk 0:36:06]} 26. Rf3 {[%clk 0:23:31]}
Nd5 {[%clk 0:35:29]} 27. Qh6 {[%clk 0:23:18]} g5 {[%clk 0:34:32]} 28. Qxg5+
{[%clk 0:19:08]} Rg6 {[%clk 0:34:56]} 29. Qf5 {[%clk 0:19:31]} Qd6+ {[%clk
0:33:53]} 30. Kg1 {[%clk 0:19:55]} Rh6 {[%clk 0:31:07]} 31. Bd3 {[%clk 0:16:48]}
Qh2+ {[%clk 0:26:49]} 32. Kf2 {[%clk 0:16:22]} Qh4+ {[%clk 0:25:57]} 33. Ke2
{[%clk 0:16:44]} Rg6 {[%clk 0:21:03]} 34. Qh5 {[%clk 0:16:26]} Qxh5 {[%clk
0:18:16]} 35. gxh5 {[%clk 0:16:51]} Rxg2+ {[%clk 0:18:41]} 36. Rf2 {[%clk
0:16:36]} Rg3 {[%clk 0:18:54]} 37. e4 {[%clk 0:15:39]} Re8 {[%clk 0:19:00]} 38.
Bb1 {[%clk 0:13:26]} Re6 {[%clk 0:16:04]} 39. Rf3 {[%clk 0:11:03]} Rg2+ {[%clk
0:15:43]} 40. Kf1 {[%clk 0:40:58]} Rh2 {[%clk 0:45:52]} 1-0

[Event "Greek Team Championship"]
[Site "chess24.com"]
[Date "2017.07.04"]
[Round "3"]
[White "Sotiropoulos, Anastasios-Theohar"]
[Black "Pavlidis, Pavlos"]
[Result "1-0"]
[Board "9"]
[WhiteElo "1757"]
[WhiteCountry "GRE"]
[WhiteFideId "4292243"]
[WhiteEloChange "15"]
[BlackElo "1928"]
[BlackCountry "GRE"]
[BlackFideId "4200616"]
[BlackEloChange "-15"]

1. Nf3 {[%clk 1:30:57]} Nf6 {[%clk 1:30:52]} 2. c4 {[%clk 1:31:22]} e6 {[%clk
1:31:12]} 3. g3 {[%clk 1:31:43]} d5 {[%clk 1:30:28]} 4. Bg2 {[%clk 1:31:35]} Be7
{[%clk 1:30:32]} 5. d4 {[%clk 1:31:56]} O-O {[%clk 1:30:26]} 6. O-O {[%clk
1:32:21]} c6 {[%clk 1:30:11]} 7. Nc3 {[%clk 1:31:16]} b6 {[%clk 1:29:39]} 8. Bf4
{[%clk 1:31:18]} Nbd7 {[%clk 1:26:28]} 9. cxd5 {[%clk 1:31:24]} Nxd5 {[%clk
1:22:27]} 10. Nxd5 {[%clk 1:29:38]} cxd5 {[%clk 1:20:43]} 11. Qa4 {[%clk
1:26:42]} Nf6 {[%clk 1:14:07]} 12. Rfc1 {[%clk 1:22:08]} Qd7 {[%clk 1:10:47]} 13.
Qb3 {[%clk 1:11:40]} Bd6 {[%clk 1:06:01]} 14. Ne5 {[%clk 1:07:27]} Bxe5 {[%clk
1:02:20]} 15. Bxe5 {[%clk 1:06:43]} Ba6 {[%clk 1:00:09]} 16. Rc7 {[%clk 0:56:44]}
Qb5 {[%clk 0:59:47]} 17. Bxf6 {[%clk 0:44:34]} gxf6 {[%clk 0:59:00]} 18. e3
{[%clk 0:41:30]} Rfc8 {[%clk 0:56:26]} 19. Qxb5 {[%clk 0:41:10]} Bxb5 {[%clk
0:56:48]} 20. Rac1 {[%clk 0:41:26]} Bc4 {[%clk 0:56:35]} 21. R7xc4 {[%clk
0:38:30]} dxc4 {[%clk 0:55:16]} 22. Bxa8 {[%clk 0:38:54]} Rxa8 {[%clk 0:55:38]}
23. Rxc4 {[%clk 0:39:19]} Kg7 {[%clk 0:52:35]} 24. Rc7 {[%clk 0:38:34]} f5 {[%clk
0:52:19]} 25. Kf1 {[%clk 0:38:44]} Kf6 {[%clk 0:46:52]} 26. Ke2 {[%clk 0:38:58]}
a6 {[%clk 0:44:42]} 27. Kd3 {[%clk 0:38:08]} Rd8 {[%clk 0:42:08]} 28. Rc6 {[%clk
0:35:10]} Rb8 {[%clk 0:42:05]} 29. Rc7 {[%clk 0:34:21]} Rd8 {[%clk 0:41:53]} 30.
Ra7 {[%clk 0:34:28]} a5 {[%clk 0:41:51]} 31. Rc7 {[%clk 0:34:29]} b5 {[%clk
0:37:04]} 32. Ra7 {[%clk 0:34:17]} a4 {[%clk 0:37:29]} 33. Rb7 {[%clk 0:34:26]}
Rd5 {[%clk 0:35:45]} 34. f4 {[%clk 0:33:40]} Kg6 {[%clk 0:32:47]} 35. Kc3 {[%clk
0:32:38]} f6 {[%clk 0:27:01]} 36. Rb6 {[%clk 0:31:50]} Kf7 {[%clk 0:26:38]} 37.
Kb4 {[%clk 0:32:02]} e5 {[%clk 0:26:50]} 38. Rxb5 {[%clk 0:31:39]} 1-0

[Event "Greek Team Championship"]
[Site "chess24.com"]
[Date "2017.07.04"]
[Round "3"]
[White "Kanteraki, Maria-Myrto"]
[Black "Gkaripis, Marios Ilias"]
[Result "1-0"]
[Board "10"]
[WhiteElo "1375"]
[WhiteCountry "GRE"]
[WhiteFideId "25818023"]
[WhiteEloChange "5"]
[BlackElo "1187"]
[BlackCountry "GRE"]
[BlackFideId "25825801"]
[BlackEloChange "-5"]

1. e4 {[%clk 1:30:58]} e5 {[%clk 1:30:52]} 2. Nf3 {[%clk 1:31:23]} Nc6 {[%clk
1:31:15]} 3. Bb5 {[%clk 1:31:49]} a6 {[%clk 1:31:32]} 4. Ba4 {[%clk 1:32:09]} Nf6
{[%clk 1:31:51]} 5. O-O {[%clk 1:32:33]} d6 {[%clk 1:32:01]} 6. Re1 {[%clk
1:32:34]} g6 {[%clk 1:31:23]} 7. c3 {[%clk 1:32:39]} Bg7 {[%clk 1:30:41]} 8. d4
{[%clk 1:31:54]} Nd7 {[%clk 1:27:34]} 9. Be3 {[%clk 1:26:48]} O-O {[%clk
1:25:36]} 10. Bb3 {[%clk 1:24:52]} Na5 {[%clk 1:19:11]} 11. Nbd2 {[%clk 1:20:48]}
Nxb3 {[%clk 1:19:08]} 12. Qxb3 {[%clk 1:20:48]} Qe7 {[%clk 1:14:16]} 13. Bg5
{[%clk 1:19:09]} Bf6 {[%clk 1:11:46]} 14. Bxf6 {[%clk 1:16:17]} Qxf6 {[%clk
1:10:36]} 15. a4 {[%clk 1:15:11]} Re8 {[%clk 1:03:35]} 16. Qc2 {[%clk 1:13:31]}
b6 {[%clk 1:02:13]} 17. d5 {[%clk 1:13:24]} a5 {[%clk 1:00:01]} 18. b4 {[%clk
1:11:28]} Bb7 {[%clk 0:55:49]} 19. Nc4 {[%clk 1:06:34]} Ba6 {[%clk 0:50:10]} 20.
Nfd2 {[%clk 1:05:21]} axb4 {[%clk 0:47:06]} 21. cxb4 {[%clk 1:05:33]} Bxc4 {[%clk
0:45:36]} 22. Qxc4 {[%clk 1:04:29]} Rec8 {[%clk 0:44:09]} 23. Nb3 {[%clk
0:56:14]} Nb8 {[%clk 0:42:10]} 24. a5 {[%clk 0:55:22]} Nd7 {[%clk 0:38:08]} 25.
Qc6 {[%clk 0:55:33]} Qd8 {[%clk 0:36:14]} 26. axb6 {[%clk 0:51:56]} Nxb6 {[%clk
0:36:14]} 27. Na5 {[%clk 0:51:56]} Rcb8 {[%clk 0:36:14]} 28. Rec1 {[%clk
0:51:56]} Ra7 {[%clk 0:36:14]} 29. Rab1 {[%clk 0:51:56]} Qe8 {[%clk 0:36:14]} 30.
Rc2 {[%clk 0:51:56]} Rc8 {[%clk 0:36:14]} 31. Qxe8+ {[%clk 0:51:56]} Rxe8 {[%clk
0:36:14]} 32. Rbc1 {[%clk 0:51:56]} Raa8 {[%clk 0:36:14]} 33. Rxc7 {[%clk
0:51:56]} Rac8 {[%clk 0:36:14]} 34. Rxc8 {[%clk 0:51:56]} Rxc8 {[%clk 0:36:14]}
35. Rc6 {[%clk 0:51:56]} Kf8 {[%clk 0:36:14]} 36. f3 {[%clk 0:51:56]} Rxc6 {[%clk
0:36:14]} 37. dxc6 {[%clk 0:51:56]} Ke7 {[%clk 0:36:14]} 38. b5 {[%clk 0:51:56]}
Kd8 {[%clk 0:36:14]} 39. Kf2 {[%clk 0:51:56]} Kc7 {[%clk 0:36:14]} 40. Ke3 {[%clk
0:51:56]} Na8 {[%clk 0:36:14]} 41. Nc4 {[%clk 0:51:56]} f6 {[%clk 0:36:14]} 42.
f4 {[%clk 0:51:56]} h6 {[%clk 0:36:14]} 43. g4 {[%clk 0:51:56]} g5 {[%clk
0:36:14]} 44. f5 {[%clk 0:51:56]} Kb8 {[%clk 0:36:14]} 45. b6 {[%clk 0:51:56]}
Nxb6 {[%clk 0:36:14]} 46. Nxb6 {[%clk 0:51:56]} Kc7 {[%clk 0:36:14]} 47. Nd7
{[%clk 0:51:56]} Kxc6 {[%clk 0:36:14]} 48. Nxf6 {[%clk 0:51:56]} 1-0

[Event "Greek Team Championship"]
[Site "chess24.com"]
[Date "2017.07.04"]
[Round "3"]
[White "Lupulescu, Constantin"]
[Black "Firman, Nazar"]
[Result "1/2-1/2"]
[Board "1"]
[WhiteElo "2635"]
[WhiteTitle "GM"]
[WhiteCountry "ROU"]
[WhiteFideId "1207822"]
[WhiteEloChange "-2"]
[BlackElo "2512"]
[BlackTitle "GM"]
[BlackCountry "UKR"]
[BlackFideId "14104490"]
[BlackEloChange "2"]

1. d4 {[%clk 1:30:58]} f5 {[%clk 1:30:49]} 2. g3 {[%clk 1:27:28]} Nf6 {[%clk
1:30:33]} 3. Bg2 {[%clk 1:27:47]} g6 {[%clk 1:30:55]} 4. Nf3 {[%clk 1:27:45]} Bg7
{[%clk 1:31:08]} 5. O-O {[%clk 1:27:36]} O-O {[%clk 1:31:21]} 6. b3 {[%clk
1:27:35]} d6 {[%clk 1:28:05]} 7. Bb2 {[%clk 1:27:30]} Ne4 {[%clk 1:27:13]} 8.
Nfd2 {[%clk 1:24:00]} Ng5 {[%clk 1:21:44]} 9. f4 {[%clk 1:15:51]} Nf7 {[%clk
1:21:19]} 10. Nf3 {[%clk 1:04:13]} c5 {[%clk 1:10:20]} 11. e3 {[%clk 0:59:10]}
Nc6 {[%clk 1:07:25]} 12. c4 {[%clk 0:51:30]} Bd7 {[%clk 0:36:12]} 13. Kh1 {[%clk
0:42:42]} e5 {[%clk 0:32:03]} 14. dxe5 {[%clk 0:40:29]} dxe5 {[%clk 0:30:53]} 15.
fxe5 {[%clk 0:38:43]} Qe8 {[%clk 0:27:33]} 16. Nc3 {[%clk 0:36:11]} Rd8 {[%clk
0:25:12]} 17. Qe2 {[%clk 0:22:17]} b6 {[%clk 0:20:17]} 18. Rad1 {[%clk 0:17:41]}
Ncxe5 {[%clk 0:19:26]} 19. Nxe5 {[%clk 0:16:11]} Qxe5 {[%clk 0:17:32]} 20. Rd5
{[%clk 0:13:17]} Qf6 {[%clk 0:10:22]} 21. Rfd1 {[%clk 0:11:27]} Bc6 {[%clk
0:09:07]} 22. Rxd8 {[%clk 0:08:41]} Rxd8 {[%clk 0:09:34]} 23. Rxd8+ {[%clk
0:05:20]} Nxd8 {[%clk 0:09:54]} 24. Qd2 {[%clk 0:04:53]} Nf7 {[%clk 0:08:41]} 25.
Bxc6 {[%clk 0:01:59]} Qxc6+ {[%clk 0:09:08]} 26. Nd5 {[%clk 0:02:23]} Qe6 {[%clk
0:08:34]} 27. Bxg7 {[%clk 0:02:10]} Kxg7 {[%clk 0:09:00]} 28. Nc3 {[%clk
0:01:31]} Ng5 {[%clk 0:07:03]} 29. Qd3 {[%clk 0:01:13]} Qe5 {[%clk 0:03:56]} 30.
Kg2 {[%clk 0:01:30]} Kh6 {[%clk 0:03:10]} 31. Qd2 {[%clk 0:01:15]} Ne6 {[%clk
0:02:35]} 32. Kg1 {[%clk 0:00:58]} Ng5 {[%clk 0:00:48]} 33. Kg2 {[%clk 0:01:17]}
Ne6 {[%clk 0:01:01]} 34. Kg1 {[%clk 0:01:32]} Kg7 {[%clk 0:01:14]} 35. Qd7+
{[%clk 0:01:47]} Kh6 {[%clk 0:01:14]} 1/2-1/2

[Event "Greek Team Championship"]
[Site "chess24.com"]
[Date "2017.07.04"]
[Round "3"]
[White "Maier, Christian"]
[Black "Lubbe, Nikolas"]
[Result "1/2-1/2"]
[Board "2"]
[WhiteElo "2388"]
[WhiteTitle "IM"]
[WhiteCountry "GER"]
[WhiteFideId "4601955"]
[WhiteEloChange "3"]
[BlackElo "2505"]
[BlackTitle "IM"]
[BlackCountry "GER"]
[BlackFideId "4694031"]
[BlackEloChange "-2"]

1. e4 {[%clk 1:30:05]} c5 {[%clk 1:30:48]} 2. Nf3 {[%clk 1:30:20]} d6 {[%clk
1:31:07]} 3. Bb5+ {[%clk 1:30:35]} Nd7 {[%clk 1:29:49]} 4. O-O {[%clk 1:28:45]}
Nf6 {[%clk 1:27:59]} 5. Re1 {[%clk 1:28:48]} e5 {[%clk 1:24:13]} 6. c3 {[%clk
1:25:27]} a6 {[%clk 1:23:55]} 7. Bf1 {[%clk 1:25:48]} Be7 {[%clk 1:21:27]} 8. d4
{[%clk 1:25:56]} O-O {[%clk 1:20:16]} 9. dxe5 {[%clk 1:21:27]} dxe5 {[%clk
1:16:39]} 10. c4 {[%clk 1:19:34]} h6 {[%clk 1:12:54]} 11. Nc3 {[%clk 1:19:12]} b6
{[%clk 1:06:56]} 12. Nh4 {[%clk 1:03:00]} Nxe4 {[%clk 0:55:00]} 13. Qd5 {[%clk
1:01:59]} Bxh4 {[%clk 0:48:52]} 14. Nxe4 {[%clk 0:53:17]} Rb8 {[%clk 0:48:03]}
15. Nd6 {[%clk 0:53:39]} Nf6 {[%clk 0:47:10]} 16. Qd3 {[%clk 0:51:59]} Qc7 {[%clk
0:34:24]} 17. Nxc8 {[%clk 0:51:43]} Rbxc8 {[%clk 0:32:14]} 18. g3 {[%clk
0:49:20]} e4 {[%clk 0:30:05]} 19. Qc2 {[%clk 0:49:31]} Bg5 {[%clk 0:30:23]} 20.
Bxg5 {[%clk 0:49:31]} hxg5 {[%clk 0:30:52]} 21. Bg2 {[%clk 0:49:51]} Rcd8 {[%clk
0:23:27]} 22. Bxe4 {[%clk 0:50:01]} Rd4 {[%clk 0:23:44]} 23. Re2 {[%clk 0:49:48]}
Rfd8 {[%clk 0:21:13]} 24. Rae1 {[%clk 0:50:11]} Qd6 {[%clk 0:20:35]} 25. Bb7
{[%clk 0:29:59]} Rd2 {[%clk 0:16:24]} 26. Rxd2 {[%clk 0:28:59]} Qxd2 {[%clk
0:16:51]} 27. Re2 {[%clk 0:29:17]} Qd1+ {[%clk 0:12:37]} 28. Qxd1 {[%clk
0:29:32]} Rxd1+ {[%clk 0:13:05]} 29. Kg2 {[%clk 0:29:53]} a5 {[%clk 0:13:14]} 30.
h3 {[%clk 0:29:54]} Rd4 {[%clk 0:12:17]} 31. Ba6 {[%clk 0:27:49]} Kf8 {[%clk
0:12:37]} 32. Bb5 {[%clk 0:28:01]} g6 {[%clk 0:09:33]} 33. Kf3 {[%clk 0:25:32]}
Rd3+ {[%clk 0:08:59]} 34. Re3 {[%clk 0:25:44]} Rd2 {[%clk 0:08:18]} 35. Rb3
{[%clk 0:25:04]} Ke7 {[%clk 0:07:27]} 36. Bc6 {[%clk 0:20:31]} Rd6 {[%clk
0:07:53]} 37. Ba4 {[%clk 0:20:47]} Kd8 {[%clk 0:07:42]} 38. Re3 {[%clk 0:14:34]}
Rd4 {[%clk 0:07:17]} 39. Bb5 {[%clk 0:14:05]} Rd2 {[%clk 0:07:16]} 40. Re2 {[%clk
0:44:05]} Rd3+ {[%clk 0:36:39]} 41. Re3 {[%clk 0:44:30]} Rd4 {[%clk 0:34:14]} 42.
Re5 {[%clk 0:42:42]} Rd2 {[%clk 0:33:49]} 43. Rxg5 {[%clk 0:40:51]} Rxb2 {[%clk
0:34:10]} 44. a4 {[%clk 0:39:22]} Rxf2+ {[%clk 0:34:13]} 45. Kxf2 {[%clk
0:39:13]} Ne4+ {[%clk 0:34:42]} 46. Ke3 {[%clk 0:39:34]} Nxg5 {[%clk 0:35:10]}
47. h4 {[%clk 0:39:59]} Ne6 {[%clk 0:33:26]} 48. Bc6 {[%clk 0:37:31]} Nd4 {[%clk
0:30:18]} 49. Bd5 {[%clk 0:37:29]} Ke7 {[%clk 0:21:50]} 50. g4 {[%clk 0:35:49]}
f5 {[%clk 0:11:35]} 51. g5 {[%clk 0:33:49]} Ne6 {[%clk 0:11:40]} 52. Bc6 {[%clk
0:30:31]} Nc7 {[%clk 0:08:54]} 53. Bf3 {[%clk 0:25:33]} Ne6 {[%clk 0:04:20]} 54.
Bc6 {[%clk 0:25:53]} Nc7 {[%clk 0:04:43]} 1/2-1/2

[Event "Greek Team Championship"]
[Site "chess24.com"]
[Date "2017.07.04"]
[Round "3"]
[White "Kofidis, Andreas"]
[Black "Skembris, Spyridon"]
[Result "1-0"]
[Board "3"]
[WhiteElo "2381"]
[WhiteTitle "IM"]
[WhiteCountry "GRE"]
[WhiteFideId "4200217"]
[WhiteEloChange "10"]
[BlackElo "2386"]
[BlackTitle "GM"]
[BlackCountry "GRE"]
[BlackFideId "4200020"]
[BlackEloChange "-10"]

1. e4 {[%clk 1:30:57]} c5 {[%clk 1:30:33]} 2. Nf3 {[%clk 1:31:10]} g6 {[%clk
1:30:52]} 3. d4 {[%clk 1:24:16]} cxd4 {[%clk 1:31:09]} 4. Qxd4 {[%clk 1:24:29]}
Nf6 {[%clk 1:31:31]} 5. e5 {[%clk 1:23:16]} Nc6 {[%clk 1:31:49]} 6. Qh4 {[%clk
1:23:42]} Nxe5 {[%clk 1:31:43]} 7. Nxe5 {[%clk 1:24:05]} Qa5+ {[%clk 1:32:07]} 8.
Nc3 {[%clk 1:24:30]} Qxe5+ {[%clk 1:32:27]} 9. Be3 {[%clk 1:24:55]} Qh5 {[%clk
1:18:13]} 10. Qxh5 {[%clk 1:23:17]} Nxh5 {[%clk 1:13:03]} 11. Nb5 {[%clk
1:23:02]} Kd8 {[%clk 1:13:26]} 12. Bxa7 {[%clk 1:21:38]} d6 {[%clk 1:13:54]} 13.
Bb6+ {[%clk 1:21:39]} Kd7 {[%clk 1:13:53]} 14. Nc7 {[%clk 1:21:52]} Kc6 {[%clk
1:11:40]} 15. Nxa8 {[%clk 1:22:11]} Bg7 {[%clk 1:12:05]} 16. a4 {[%clk 1:21:16]}
Bxb2 {[%clk 1:11:19]} 17. Bb5+ {[%clk 1:21:20]} Kd5 {[%clk 1:11:46]} 18. Rd1+
{[%clk 1:20:49]} Ke5 {[%clk 1:12:05]} 19. O-O {[%clk 1:20:39]} Bf5 {[%clk
1:12:23]} 20. Nc7 {[%clk 1:20:42]} e6 {[%clk 1:11:58]} 21. Rfe1+ {[%clk 1:18:13]}
Kf6 {[%clk 1:12:24]} 22. Ne8+ {[%clk 1:18:32]} Ke7 {[%clk 1:12:17]} 23. Nxd6
{[%clk 1:14:59]} Bxc2 {[%clk 1:12:24]} 24. Nxb7 {[%clk 1:12:53]} Bxd1 {[%clk
1:12:34]} 25. Rxd1 {[%clk 1:13:14]} Rb8 {[%clk 1:11:06]} 26. Rd7+ {[%clk
1:13:23]} Kf6 {[%clk 1:11:08]} 27. a5 {[%clk 1:13:06]} Nf4 {[%clk 1:11:29]} 28.
a6 {[%clk 1:09:55]} Nd5 {[%clk 1:11:48]} 29. Rd8 {[%clk 1:09:38]} 1-0

[Event "Greek Team Championship"]
[Site "chess24.com"]
[Date "2017.07.04"]
[Round "3"]
[White "Georgiev, Krum"]
[Black "Poulopoulos, Ioannis"]
[Result "1/2-1/2"]
[Board "4"]
[WhiteElo "2357"]
[WhiteTitle "GM"]
[WhiteCountry "BUL"]
[WhiteFideId "2900092"]
[WhiteEloChange "-3"]
[BlackElo "2252"]
[BlackCountry "GRE"]
[BlackFideId "4218078"]
[BlackEloChange "3"]

1. e4 {[%clk 1:30:57]} c5 {[%clk 1:30:48]} 2. Nf3 {[%clk 1:31:19]} d6 {[%clk
1:31:03]} 3. d4 {[%clk 1:31:16]} cxd4 {[%clk 1:31:02]} 4. Qxd4 {[%clk 1:31:16]}
a6 {[%clk 1:30:30]} 5. c4 {[%clk 1:28:54]} Nc6 {[%clk 1:30:28]} 6. Qd2 {[%clk
1:28:56]} g6 {[%clk 1:29:44]} 7. Nc3 {[%clk 1:28:23]} Bg7 {[%clk 1:29:56]} 8. b3
{[%clk 1:28:32]} Nf6 {[%clk 1:29:33]} 9. Bb2 {[%clk 1:28:54]} O-O {[%clk
1:28:46]} 10. Be2 {[%clk 1:28:30]} Bg4 {[%clk 1:23:31]} 11. O-O {[%clk 1:27:36]}
Nd7 {[%clk 1:14:54]} 12. Kh1 {[%clk 0:55:34]} Nc5 {[%clk 0:56:25]} 13. Ng1 {[%clk
0:55:02]} Bxe2 {[%clk 0:54:28]} 14. Ngxe2 {[%clk 0:55:17]} Rb8 {[%clk 0:54:01]}
15. f3 {[%clk 0:54:12]} a5 {[%clk 0:42:59]} 16. Rfd1 {[%clk 0:43:38]} a4 {[%clk
0:39:51]} 17. Nd5 {[%clk 0:36:24]} Bxb2 {[%clk 0:33:44]} 18. Qxb2 {[%clk
0:36:50]} axb3 {[%clk 0:33:45]} 19. axb3 {[%clk 0:37:17]} b5 {[%clk 0:33:11]} 20.
b4 {[%clk 0:34:32]} bxc4 {[%clk 0:32:20]} 21. Nd4 {[%clk 0:28:16]} Nxd4 {[%clk
0:26:39]} 22. Qxd4 {[%clk 0:23:42]} Nb3 {[%clk 0:25:21]} 23. Qa7 {[%clk 0:21:10]}
Nxa1 {[%clk 0:24:49]} 24. Nxe7+ {[%clk 0:21:18]} Kh8 {[%clk 0:20:35]} 25. Qxa1+
{[%clk 0:21:22]} f6 {[%clk 0:21:01]} 26. Nc6 {[%clk 0:21:29]} Ra8 {[%clk
0:19:48]} 27. Nxd8 {[%clk 0:21:13]} Rxa1 {[%clk 0:20:10]} 28. Rxa1 {[%clk
0:21:30]} Rxd8 {[%clk 0:20:36]} 29. Rc1 {[%clk 0:21:40]} d5 {[%clk 0:11:04]} 30.
exd5 {[%clk 0:20:59]} Rxd5 {[%clk 0:11:29]} 31. Kg1 {[%clk 0:21:13]} Rd4 {[%clk
0:11:26]} 32. Kf2 {[%clk 0:21:32]} c3 {[%clk 0:11:47]} 33. Rxc3 {[%clk 0:21:32]}
1/2-1/2

[Event "Greek Team Championship"]
[Site "chess24.com"]
[Date "2017.07.04"]
[Round "3"]
[White "Lubbe, Melanie"]
[Black "Iordanidou, Zoi"]
[Result "1-0"]
[Board "5"]
[WhiteElo "2278"]
[WhiteTitle "WGM"]
[WhiteCountry "GER"]
[WhiteFideId "4690745"]
[WhiteEloChange "5"]
[BlackElo "2069"]
[BlackCountry "GRE"]
[BlackFideId "4209192"]
[BlackEloChange "-5"]

1. e4 {[%clk 1:30:57]} d5 {[%clk 1:30:49]} 2. exd5 {[%clk 1:31:22]} Qxd5 {[%clk
1:31:14]} 3. Nc3 {[%clk 1:31:47]} Qd6 {[%clk 1:31:11]} 4. d4 {[%clk 1:31:58]} Nf6
{[%clk 1:31:25]} 5. Bc4 {[%clk 1:31:21]} c6 {[%clk 1:31:30]} 6. Nge2 {[%clk
1:31:25]} Bf5 {[%clk 1:22:22]} 7. Bf4 {[%clk 1:31:21]} Qb4 {[%clk 1:21:52]} 8.
Bb3 {[%clk 1:31:11]} e6 {[%clk 1:21:51]} 9. O-O {[%clk 1:28:39]} Nbd7 {[%clk
1:18:05]} 10. Bc7 {[%clk 1:27:20]} Nb6 {[%clk 1:17:30]} 11. Ng3 {[%clk 1:20:47]}
Bg6 {[%clk 1:15:05]} 12. f4 {[%clk 1:04:14]} Kd7 {[%clk 0:55:58]} 13. a3 {[%clk
0:54:51]} Qa5 {[%clk 0:52:24]} 14. Be5 {[%clk 0:51:07]} Nfd5 {[%clk 0:44:00]} 15.
Nxd5 {[%clk 0:34:29]} cxd5 {[%clk 0:36:24]} 16. f5 {[%clk 0:34:01]} exf5 {[%clk
0:36:00]} 17. Nxf5 {[%clk 0:34:09]} f6 {[%clk 0:34:44]} 18. Bg3 {[%clk 0:33:46]}
Bf7 {[%clk 0:27:11]} 19. Qf3 {[%clk 0:31:33]} h5 {[%clk 0:23:47]} 20. c4 {[%clk
0:27:20]} Qa6 {[%clk 0:12:23]} 21. Qf4 {[%clk 0:24:21]} Rc8 {[%clk 0:12:39]} 22.
Nd6 {[%clk 0:24:35]} 1-0